| 000 | 01134nam a2200241 i 4500 | ||
|---|---|---|---|
| 001 | 162737 | ||
| 003 | ES-MaACL | ||
| 005 | 20230906212606.0 | ||
| 008 | 050622s1880 sp |||| | spa d | ||
| 100 | 1 |
_aPulido, Ángel, _d1852-1932 _9149324 |
|
| 245 | 1 | 0 |
_aLactancia paterna (y ginecomastia) _b: comunicación dirigida a la Sociedad Ginecológica Española / _cleída en la sesión de 18 de marzo de 1880 por el socio Dr. Ángel Pulido Fernández. |
| 260 |
_aMadrid : _bImp. y Librería de Moya y Plaza, _c1880. |
||
| 300 |
_a79 p. ; _c24 cm. |
||
| 490 | 1 | _aBiblioteca de la Revista de medicina y cirugía prácticas | |
| 530 | _aDisponible en formato digital. | ||
| 650 | 4 |
_aGinecomastia. _9170602 |
|
| 650 | 4 |
_aLactantes- _xAlimentación. _9170603 |
|
| 710 | 2 |
_aSociedad Ginecológica Española. _96779 |
|
| 830 | 0 |
_aBiblioteca de la Revista de medicina y cirugía prácticas _9182368 |
|
| 852 |
_aES-MaACL _jT-834-F-2 _z- Enc. hol., conservando la enc. original _z- Enc. en un vol. facticio |
||
| 856 |
_uhttp://bdh-rd.bne.es/viewer.vm?id=0000108973&page=1 _zBiblioteca Digital Hispánica |
||
| 999 |
_c162737 _d162737 |
||